Rolling Stone - The Weeknd Lyrics - Statistics

General Stats
  • This quiz has been taken 55 times
  • The average score is 181 of 223
Answer Stats
Hint Answer % Correct
a
100%
bout
100%
'bout
100%
don't
100%
f*ckin'
100%
got
100%
Got
100%
How
100%
I
100%
then
100%
think
100%
we
100%
be
95%
here
95%
I'm
95%
it
95%
thinkin'
95%
3x Yeah
95%
Yeah,
95%
you
95%
you,
95%
you're
95%
about
89%
care
89%
in
89%
not
89%
Intro Ooh
89%
Chorus Ooh,
89%
ooh
89%
ooh,
89%
recognize
89%
so
89%
So
89%
Verse3 So,
89%
this
89%
With
89%
Baby,
84%
baby,
84%
been
84%
can't
84%
Cause
84%
Verse2 'Cause
84%
else
84%
home
84%
just
84%
long,
84%
long
84%
nobody
84%
oh
84%
oh,
84%
Oh
84%
on
84%
streets
84%
to
84%
3x too
84%
without
84%
and
79%
And
79%
another
79%
b*tch
79%
enough
79%
Girl
79%
I'll
79%
I've
79%
rolling
79%
stone
79%
They
79%
they
79%
Why
79%
all
74%
but
74%
Chorus But
74%
hit
74%
issues
74%
keep
74%
life
74%
love
74%
me
74%
me,
74%
my
74%
smoking
74%
these
74%
'til
74%
weed
74%
won't
74%
different,
68%
faded
68%
know
68%
mystery
68%
note
68%
Verse1 Now
68%
singing
68%
take
68%
fades
63%
full
63%
getting
63%
I'ma
63%
of
63%
out
63%
until
63%
Until
63%
beans
58%
blowing
58%
face
58%
hand
58%
recognition's
58%
steam
58%
While
58%
chest
53%
listen
53%
recognized
53%
used
53%
What
53%
flow?
47%
hope
47%
Kill
47%
serotonin
47%
woah
47%
you'll
47%
Before
42%
ohh
42%
still
42%
Because
37%
they'll
26%
way
21%
No matching quizzes found
Score Distribution
Percent of People with Each Score
Percentile by Number Answered
Your Score History
You have not taken this quiz